Sever chce ihriská, ale aj pomoc mesta na revitalizáciu dosť peňazí nemajú

Bibliographic Details
Main Author: Podhorská, Kveta (Author)
Format: Article
Language:Slovak
PhysicalDescription:Fotogr.
ISSN:1335-4566
Subjects:

MARC

LEADER 00000nab a2200000 a 4500
001 vtls009956980
003 SK-MaSNL
005 20260303051145.0
008 091006c20091006xo drz 0 0slo
038 |a KEVKJB 
040 |a KEVKJB  |b slo  |c KEVKJB  |e AACR2 
041 0 |a slo 
044 |a xo  |c SK 
080 |a 712.256-053.2  |2 2001 
100 1 |a Podhorská, Kveta  |4 aut  |9 872973 
245 1 0 |a Sever chce ihriská, ale aj pomoc mesta  |b na revitalizáciu dosť peňazí nemajú  |c Kveta Podhorská 
300 |b Fotogr. 
650 0 7 |a detské ihriská  |2 kevkjb  |9 73875 
651 7 |a Košice (Slovensko)  |2 kevkjb  |9 18694 
651 7 |a Sever (Košice I, Slovensko)  |2 kevkjb  |9 29658 
773 0 |t Košický Korzár  |g Roč. XII, č. 230 (6.10.2009), s. 2  |x 1335-4566 
852 |a KEVKJB  |b KIS3GCP 
999 |c 1710521  |d 1712451